00754cam a22002411 4500001001300000003000400013005001700017008004100034010001700075035002000092040001900112042001200131050001700143060002300160060002000183100002500203245008300228260004900311300001600360500008000376500003900456999001700495med47000116 DLC20260227111558.0810725s1944 xx 000 0 spa  amed47000116  a(OCoLC)14723107 aDLCcDNLMdDLC apremarc00aTX353b.C63400aQU 145bC837b 194400aFilm 6251 no. 81 aCosta, Dante,d1912-10aBases de la alimentación racional.cVersión castellana de J. W. Steinhart. aBuenos Aires,bEditorial americaleec[c1944] a222, [3] p. aRevised text of the 2d Brazilian ed. of: Bases da alimentação rational. aMicrofilmed for preservation5DNLM c37975d37975